• 首页
  • 本馆介绍
  • 公告通知
  • 最新文献
  • 馆藏检索
  • 电子资源
  • 读者导购
  • 参考咨询
  • 我的图书馆
  • 登录
  • 详细信息显示
  • 放入我的书架
  • 预约/预借图书
  • 作者相关作品
  • 分类相关作品
  • 丛书相关作品
  • 出版社相关作品

书目信息

  • 表格格式
  • 工作单格式
  • 卡片格式
题名:
光谱光学相干层析成像理论及应用
    
 
作者: 马振鹤 著
分册:  
出版信息: 沈阳   东北大学出版社  2017.12
页数: 108页
开本: 24cm
丛书名:
单 册:
中图分类: O435.2
科图分类:
主题词: 相干光--层析成象
电子资源:
ISBN: 978-7-5517-1739-7
000 00880nam0 2200229 450
001 1259
005 20180927164116.64
010    @a978-7-5517-1739-7@dCNY35.00
100    @a20180714d2017 kemy0chiy50 ea
101 0  @achi
102    @aCN@b210000
105    @aa v 000yy
200 1  @a光谱光学相干层析成像理论及应用@9guang pu guang xue xiang gan ceng xi cheng xiang li lun ji ying yong@dOptical coherence tomography practice and applications@f马振鹤著@zeng
210    @a沈阳@c东北大学出版社@d2017.12
215    @a108页@c图@d24cm
330    @a本书共5章,内容包括:光学相干层析成像基础、光谱OCT基本理论及相位移动方法、快速高分辨率光谱OCT的研制等。
510 1  @aOptical coherence tomography practice and applications@zeng
606 0  @a相干光@x层析成象
690    @aO435.2@v5
701  0 @a马振鹤@9ma zhen he@4著
801  0 @aCN@b91MARC@c20180714
905    @aMuseLib@dO435.2@e68
    
    光谱光学相干层析成像理论及应用=Optical coherence tomography practice and applications/马振鹤著.-沈阳:东北大学出版社,2017.12
    108页:图;24cm
    
    
    ISBN 978-7-5517-1739-7:CNY35.00
    本书共5章,内容包括:光学相干层析成像基础、光谱OCT基本理论及相位移动方法、快速高分辨率光谱OCT的研制等。
●
相关链接 在E读中查询图书 在五车中查询图书 在当当中查询图书 在豆瓣中查询图书


正题名:光谱光学相干层析成像理论及应用     索取号:O435.2/68         预约/预借

序号 登录号 条形码 馆藏地/架位号 状态 备注
1 1121944   211219448   第二样本阅览室/ [索取号:O435.2/68] 在馆    
2 1121945   211219457   密集书库-物理学院/ [索取号:O435.2/68] 在馆    
3 1121946   211219466   第三借阅区/ [索取号:O435.2/68] 在馆    
4 1121947   211219475   第三借阅区/ [索取号:O435.2/68] 在馆    
5 1121948   211219484   第三借阅区/ [索取号:O435.2/68] 在馆    
唐山师范学院图书馆 欢迎您!
大连网信软件有限公司© 版权所有